000 00700nam a2200193Ii 4500
003 JO-AjNU
008 230605s9999||||xx |||||||||||||| ||und||
040 _aJO-AjNU
_bara
_erda
_cJO-AjNU
041 _aara
050 1 4 _aLB2806.M8 1965
100 3 _aفهمي،محمد سيف الدين مؤلف/حمزة،مختار مراجع,
_eauthor
_915566
245 0 0 _aالتخطيط التعليمي أسسه وأساليبه ومشكلاته
264 3 1 _aالقاهرة:مكتبة الأنجلو المصرية،1965
300 _a227ص
336 _atext
_btxt
_2rdacontent
337 _aunmediated
_bn
_2rdamedia
338 _avolume
_bnc
_2rdacarrier
650 4 _a التخطيط التربوي
_915567
999 _aA4426
_c7994
_d7994